000 00541nam a2200193Ia 4500
008 140626s9999 xx 000 0 und d
100 _aKidwell, Blair..
245 _aEmotional intelligence in marketing exchanges /
_cBlair Kidwell ... [et al.].
260 _cc2011.
300 _a75 : 1, page 78
440 _aJournal of Marketing
521 _aBSBA
650 _aCognitive ability.
650 _aEmotion.
650 _aEmotional intelligence.
650 _aMarketing exchange.
650 _aSales performance.
942 _cSE
999 _c121089
_d121089